ASOIAF: Band of Nine Quiz Stats

 Plays Quiz not verified by Sporcle

Score 0/9 Timer 03:00
0 Plays Today
% Correct
Maelys I Blackfyre, the Monstrous
85.2%
Samarro Saan, the Last Valyrian
43.2%
Spotted Tom, the Butcher
43.2%
Nine Eyes, captain of the Jolly Fellows
42%
The Old Mother, a pirate queen
39.2%
Ser Derrick Fossoway, the Bad Apple
39.2%
Xhobar Qhoqua, the Ebon Prince
36.4%
Liomond Lashare, the Lord of Battles
35.8%
Alequo Adarys, the Silvertongue
34.1%

You're not logged in!

Compare scores with friends on all Sporcle quizzes.
OR
Log In

Sporcle TV

Today on Sporcle TV


Watch our educational content, quiz creation guides, and fun videos on Sporcle TV.

Show Comments

Extras

Top Quizzes Today


Score Distribution

Your Account Isn't Verified!

In order to create a playlist on Sporcle, you need to verify the email address you used during registration. Go to your Sporcle Settings to finish the process.

Report this User

Report this user for behavior that violates our Community Guidelines.

Details: